000 01404cam a2200361 a 4500
001 14166961
003 OSt
005 20140424075635.0
008 051110s2006 nyua j 000 1 eng
010 _a 2005032556
020 _a0440418321
040 _aDLC
_cDLC
_dDLC
042 _alcac
050 0 0 _aPZ 7
_b.P968Go 2001
100 1 _aPullman, Philip,
_d1946-
_919309
240 1 0 _aNorthern lights
245 1 4 _aThe golden compass /
_cby Philip Pullman ; [appendix illustrations by Ian Beck].
260 _aNew York :
_bAlfred A. Knopf,
_c2001.
300 _a351p. :
_bill. ;
_c24 cm.
490 1 _aHis dark materials ;
_vbk. 1
650 1 _aMissing person
_xexperiments
_zfiction
_919310
650 1 _aKidnappingarctic regions
_xfiction
_919311
650 1 _a4. fantasy
_919312
700 1 _aBeck, Ian,
_eill.
_919313
800 1 _aPullman, Philip,
_d1946-
_tHis dark materials ;
_vbk. 1.
_919314
856 4 2 _3Contributor biographical information
_uhttp://www.loc.gov/catdir/enhancements/fy0630/2005032556-b.html
856 4 2 _3Publisher description
_uhttp://www.loc.gov/catdir/enhancements/fy0630/2005032556-d.html
856 4 1 _3Sample text
_uhttp://www.loc.gov/catdir/enhancements/fy0668/2005032556-s.html
906 _a7
_bcbc
_corignew
_d1
_eecip
_f20
_gy-gencatlg
942 _2lcc
_cBK
999 _c115466
_d115466